000 00767nas a2200277 4500
001 BR9208504
003 BR-BrBNA
005 20231205093118.0
007 ta
008 230509b bl.|||p| |||| 00| 00por d
040 _aBR-BrBNA
_bpor
_cBiblioteca Nacional de Agricultura
041 _a(Pt)
072 _aH20; H10
100 1 _aJaehn, A.
100 1 _aLambert, N.S.
245 1 _aUso de torta de mamona como nematicida em viveiro de cafe
650 _aCAFE
650 _aMELOIDOGINOSE
650 _aNEMATOIDE
650 _aTORTA
650 _aMAMONA
650 _aCONTROLE QUIMICO
773 0 _tNematologia Brasileira (Brazil)
_xISSN 0102-2997
_g(1984), v. 8 p. 285-294
_wBR9208504
909 _a202311
_bLúcia
_c55
_dLúcia Elande
942 _2AGRIS
_n0
_cANA
999 _c136298
_d136298